01612 a2200205 4500003000500000005001700005010001600022020001500038040000900053082001400062100002900076245004700105260005100152300003400203505098800237650002801225942001201253999001901265952012201284Nust20221024094650.0 a 79083285 a0132471973 cNust00a621.3,DEF1 aDe France, J. J.910117510aElectrical fundamentals /cJ. J. DeFrance. aEnglewood Cliffs, N.J.,bPrentice-Hallc[1969] axviii, 702 p.billus.c24 cm. aElectron Theory (Page-3), Conductance , Resistance and Insulation (Page-14), Calculation of Conductance and Resistance (Page-23), Electrical Units and Their Reaction (Page-31), Electrical Power and Energy (Page-43), Commercial Resistors (Page-60), Series Circuits (Page-80), Parallel Circuits (Page-90), Series – Parallel Circuits (Page-99), Voltage Dividers (Page-112), Primary Cells (Page-120), Secondary Cells (Page-141), Permanent Magnetism (Page-162), Electromagnetism (Page-172), Magnetic- Circuit Calculations (Page-183), Direct – Current Measuring Instrument (Page-202), Method of Measuring Resistance (Page-223), Induced Voltage (Page-238), Self-Inductance and Mutual Inductance (Page-247), Dielectric Circuits and capacitance (Page-274), Direct – Current Generators (Page-306), Direct – Current Motors (Page-318), Kirchhoff’s Laws (Page-327), Network Theory (Page-338), Introduction to Alternating Currents (Page-361), Part.2= Alternating Current (Page-361-638).  0aElectrical engineering. 2ddccBK c180265d180265 00102ddc4070aMCSbMCScGENd2016-12-12o621.3,DEFpMCS5813r2016-12-08w2016-12-12yBKzAlmirah No.28, Shelf No.1